000 00545nam a2200181Ia 4500
005 20250923144512.0
008 008 250917s9999 xx 000 0 eng d
037 _aTextual
040 _aDSWL
_beng
_cDSWL
041 _aeng
_2eng
084 _qDSWL
100 _aMunder, A.H.
_9825524
245 0 _aImprovement of agricultural extention services in European countries
_cby A.H. Munder
260 _aRome
_bFood & Agricutural Organisation of the U N
_c1954
300 _av,69p.
942 _cTEXL
999 _c1439722
_d1439722